00905nam a22002537a 450000500170000001000130001702000220003003500130005203700160006504000120008108200130009310000230010624500860012926000400021527000560025530000230031150000410033465000480037565000430042370000240046694200220049099900190051295201200053120170124110116.0 aB-035090 c00.00a8174871764 aB-035090 bCen Lib/Ret aDPLbEN a921bGUP aGupta, V. P.93337 aThe life and legacy of Gopal Krishna Gokhale /cby V. P. Gupta [and] Mohini Gupta aNew DelhibRadha Publicationsc2000 bNew Delhia4378/4B, Ansari Road, Darya Ganje110002 ax,366p. c22cm(Hb) aIncludes bibliographical references  aGokhale, Gopal Krishna, -- 1866-1915918101 aStatesmen -- India -- Biography910868 aGupta, Mohini 9927 2ddccENh921mGUP c130763d130763 00104070aLbLd2015-07-10eCen Lib/Retg0.00l0o921 GUPpB-035090r2015-07-10 00:00:00t1v0.00w2015-07-10yEN